Informe final del Ejercicio Profesional Supervisado, realizado en la Municipalidad de San Juan Chamelco, Alta Verapaz/ (Registro nro. 1827)

Detalles MARC
000 -LEADER
campo de control de longitud fija 03080nam a22003377i 4500
001 - NÚMERO DE CONTROL
campo de control TCPA 27
003 - IDENTIFICADOR DE NÚMERO DE CONTROL
campo de control gtcocun
005 - FECHA Y HORA DE LA ÚLTIMA TRANSACCIÓN
campo de control 20250912222247.0
006 - CÓDIGOS DE INFORMACIÓN DE LONGITUD FIJA--CARACTERÍSTICAS DEL MATERIAL ADICIONAL
campo de control de longitud fija a||||gr|||| 00| 0
008 - DATOS DE LONGITUD FIJA--INFORMACIÓN GENERAL
campo de control de longitud fija 250912b2016 gt ||||| m||| 00| 0 eng d
040 ## - FUENTE DE CATALOGACIÓN
Centro catalogador/agencia de origen gtcocun
Lengua de catalogación SPA
Centro/agencia transcriptor gtcocun
Normas de descripción RDA
041 ## - CÓDIGO DE IDIOMA
Código de lengua del texto/banda sonora o título independiente SPA
084 ## - OTRO NÚMERO DE CLASIFICACIÓN
Número de control del registro de autoridad o número normalizado TCPA 27
100 ## - ENTRADA PRINCIPAL--NOMBRE DE PERSONA
Nombre de persona Coy Rax, Hector René
Término indicativo de función/relación Autor
245 ## - MENCIÓN DEL TÍTULO
Título Informe final del Ejercicio Profesional Supervisado, realizado en la Municipalidad de San Juan Chamelco, Alta Verapaz/
Mención de responsabilidad, etc. Hector René Coy Rax
Medio Impreso
264 ## - PRODUCCIÓN, PUBLICACIÓN, DISTRIBUCIÓN, FABRICACIÓN Y COPYRIGHT
Producción, publicación, distribución, fabricación y copyright Cobán, Alta Verapaz:
Nombre del de productor, editor, distribuidor, fabricante Universidad de San Carlos de Guatemala, Centro Universitario del Norte, Licenciatura en Contaduría Pública y Auditoría.
Fecha de producción, publicación, distribución, fabricación o copyright 2016
300 ## - DESCRIPCIÓN FÍSICA
Extensión 56 p.:
Otras características físicas Ilustraciones, gráficas.
Dimensiones 28 cm; PDF
336 ## - TIPO DE CONTENIDO
Fuente rdacontenido
Término de tipo de contenido Texto
Código de tipo de contenido txt
337 ## - TIPO DE MEDIO
Fuente rdamedio
Nombre/término del tipo de medio Computadora
Código del tipo de medio n
338 ## - TIPO DE SOPORTE
Fuente rdasoporte
Nombre/término del tipo de soporte Código en línea
Código del tipo de soporte cr
502 ## - NOTA DE TESIS
identificador de la tesis .
502 ## - NOTA DE TESIS
identificador de la tesis .
502 ## - NOTA DE TESIS
Nota de tesis Tesis de grado
Nombre de la institución que otorga el título Universidad de San Carlos de Guatemala, Centro Universitario del Norte,
502 ## - NOTA DE TESIS
Nota de tesis Tesis de grado
Tipo de título Licenciatura en Contaduría Pública y Auditoría.
Nombre de la institución que otorga el título Universidad de San Carlos de Guatemala, Centro Universitario del Norte, Licenciatura en Contaduría Pública y Auditoría.
Año de obtención del título 2016
Identificador de la tesis TCPA 27
520 14 - RESUMEN, ETC.
Sumario, etc. La Universidad de San Carlos de Guatemala, a través del Centro<br/>Universitario del Norte, establece como requisito indispensable la realización del<br/>Ejercicio Profesional Supervisado, en la carrera de Contaduría Pública y<br/>Auditoría, previo a optar al título universitario en el grado de licenciatura.<br/><br/>Por ello, el Ejercicio Profesional Supervisado, fue realizado en la<br/>municipalidad de San Juan Chamelco, Alta Verapaz, ya que, dicha institución, es<br/>la encargada de promover diferentes actividades económicas, sociales,<br/>culturales y el desarrollo de servicios públicos para optimizar la calidad de vida<br/>de los habitantes del municipio.<br/>En el desarrollo del Ejercicio Profesional Supervisado, se realizó una<br/>investigación sobre las características generales y la problemática<br/>socioeconómica de las comunidades urbanas y rurales del municipio de San<br/>Juan Chamelco, en la que, se priorizaron los temas de desempleo, la poca<br/>importancia para atraer la inversión en actividades agropecuarias y el<br/>monocultivo.<br/><br/>Del análisis de la problemática seleccionada, se procedió a la formulación<br/>de propuestas de inversión en actividades pecuarias como la crianza y<br/>comercialización de pollos de engorde, y agrícolas como el cultivo de repollo y<br/>brócoli, con el apoyo del Comité Promotor de acuerdos para el desarrollo<br/>multisectorial del sector cafetalero de las Verapaces, incentivado por el Instituto<br/>Italo Latinoamericano (IILA).
650 14 - PUNTO DE ACCESO ADICIONAL DE MATERIA--TÉRMINO DE MATERIA
Fuente del encabezamiento o término LEMB
Término de materia o nombre geográfico como elemento de entrada San Juan Chamelco, Alta Verapaz
Subdivisión general Destace
-- comercializacion
-- pollo
-- brócoli
-- repollo
700 ## - ENTRADA AGREGADA--NOMBRE PERSONAL
Nombre de persona Lic. Miguel Alberto Klug Caal
Término indicativo de función/relación Asesor
856 ## - LOCALIZACIÓN Y ACCESO ELECTRÓNICOS
Identificador Uniforme de Recurso <a href="https://drive.google.com/file/d/1hSdYlDB2EUh3T9-ED0SvKZ05TF5Dv2nu/view?usp=sharing">https://drive.google.com/file/d/1hSdYlDB2EUh3T9-ED0SvKZ05TF5Dv2nu/view?usp=sharing</a>
Texto de enlace PDF
Nota pública Un ejemplar en línea.
942 ## - ELEMENTOS DE ENTRADA SECUNDARIOS (KOHA)
Fuente de la clasificación o esquema de estantería Clasificación Decimal Dewey
Tipo de ítem Koha TESIS
Parte de la signatura que identifica el ejemplar (Parte del ítem) TCPA_27
Prefijo de la signatura Clasificación
Suprimir en OPAC No
-- TCPA__27
Existencias
Estatus retirado Estado de pérdida Fuente de la clasificación o esquema de estantería Estado de daño No para préstamo Colección Biblioteca de origen Biblioteca actual Ubicación en estantería Fecha de adquisición Número de inventario Total de préstamos Signatura topográfica completa Código de barras Visto por última vez Precio de reemplazo Tipo de ítem Koha
    Clasificación Decimal Dewey     tesis BIBLIOTECA- CUNOR -JOSÉ LUIS GONZALES ROSALES BIBLIOTECA- CUNOR -JOSÉ LUIS GONZALES ROSALES Colección tesis 12/09/2025 TCPA 027   TCPA 027 TCPA 027 12/09/2025 12/09/2025 TESIS